Pháp luật đại cương : Dùng trong các trường Đại học cao Đẳng và trung học chuyên nghiệp
Nội dung sách gồm các phần sau: Những vấn đề lý luận chung về nhà nước và pháp luật; các ngành luật cơ bản của hệ thống pháp luật Việt Nam.
Spremljeno u:
| Glavni autor: | |
|---|---|
| Format: | Knjiga |
| Jezik: | Undetermined |
| Izdano: |
Hà Nội
Chính trị Quốc gia
2008
|
| Teme: | |
| Oznake: |
Dodaj oznaku
Bez oznaka, Budi prvi tko označuje ovaj zapis!
|
| Thư viện lưu trữ: | Trung tâm Học liệu Trường Đại học Cần Thơ |
|---|
| LEADER | 00971nam a2200241Ia 4500 | ||
|---|---|---|---|
| 001 | CTU_139682 | ||
| 008 | 210402s9999 xx 000 0 und d | ||
| 020 | |c 72000 | ||
| 082 | |a 340 | ||
| 082 | |b T406 | ||
| 100 | |a Lê, Minh Toàn | ||
| 245 | 0 | |a Pháp luật đại cương : | |
| 245 | 0 | |b Dùng trong các trường Đại học cao Đẳng và trung học chuyên nghiệp | |
| 245 | 0 | |c Lê Minh Toàn chủ biên | |
| 260 | |a Hà Nội | ||
| 260 | |b Chính trị Quốc gia | ||
| 260 | |c 2008 | ||
| 520 | |a Nội dung sách gồm các phần sau: Những vấn đề lý luận chung về nhà nước và pháp luật; các ngành luật cơ bản của hệ thống pháp luật Việt Nam. | ||
| 650 | |a Law,Luật | ||
| 650 | |x Study and teaching,Học và dạy | ||
| 650 | |z Vietnam,Việt Nam | ||
| 904 | |i Tuyến | ||
| 980 | |a Trung tâm Học liệu Trường Đại học Cần Thơ | ||